|
|
|
|
| LEADER |
00831nab a2200241 i 4500 |
| 001 |
publ33717 |
| 005 |
20250529152734.0 |
| 008 |
250529s1980 hu o 000 eng d |
| 022 |
|
|
|a 0065-2229
|
| 024 |
7 |
|
|a 1049982
|2 mtmt
|
| 040 |
|
|
|a SZTE Publicatio Repozitórium
|b hun
|
| 041 |
|
|
|a eng
|
| 100 |
1 |
|
|a Verhofstad A. A. J.
|
| 245 |
1 |
0 |
|a Use of antibodies to norepinephrine and epinephrine in immunohistochemistry
|h [elektronikus dokumentum] /
|c Verhofstad A. A. J.
|
| 260 |
|
|
|c 1980
|
| 300 |
|
|
|a 185-193
|
| 490 |
0 |
|
|a ADVANCES IN BIOCHEMICAL PSYCHOPHARMACOLOGY
|v 25
|
| 650 |
|
4 |
|a Általános orvostudomány
|
| 700 |
0 |
1 |
|a Steinbusch H. W. J.
|e aut
|
| 700 |
0 |
1 |
|a Penke Botond
|e aut
|
| 700 |
0 |
1 |
|a Varga J.
|e aut
|
| 700 |
0 |
1 |
|a Joosten H. W. J.
|e aut
|
| 856 |
4 |
0 |
|u http://publicatio.bibl.u-szeged.hu/33717/1/aok_klny_941_80.pdf
|z Dokumentum-elérés
|